Pays n'ayant jamais gagné l'Eurovision - Statistiques

Statistiques générales
  • Ce quiz a été pris 60 fois
    7 depuis la dernière actualisation
  • Le résultat moyen est 20 sur 24
Statistiques - réponses
Meilleur place Pays % Correct
2e (2024) Croatie
100%
9e (2010 et 2011) Géorgie
100%
2e (2002 et 2005) Malte
100%
2e (1994) Pologne
100%
19e (2019) Saint-Marin
100%
*2e (2004) Serbie-et-Monténégro
100%
6e (2018) Tchéquie
100%
5e (2012) Albanie
86%
2e (2016) Australie
86%
6e (2007) Bélarus
86%
3e (2006) Bosnie-Herzégovine
86%
2e (2018) Chypre
86%
4e (1994) Hongrie
86%
7e (2019) Macédoine du Nord
86%
13e (2015) Monténégro
86%
3e (2005, 2010 et 2026) Roumanie
86%
18e (1996) Slovaquie
86%
7e (1995 et 2001) Slovénie
86%
12e en demi-final (2007) Andorre
71%
6e (1994) Lituanie
71%
18e (1980) Maroc
71%
3e (2017) Moldavie
71%
4e (2008 et 2014) Arménie
57%
2e (1999 et 2009) Islande
57%
Aucun quiz correspondant
Distribution des résultats
% des personnes avec chaque résultat
Percentile par nombre de réponses
Votre historique - résultats
Vous n’avez pas pris ce quiz depuis la dernière actualisation